000 00709nam a2200193 4500
999 _c16567
_d16567
008 220224b ||||| |||| 00| 0 eng d
022 _a0091-4169
082 _aDPer 364.05 J82 2010 vol. 100 no. 3
100 _aCrutchfield, Robert D.
_944120
245 _aRacial and ethical disparity and criminal justice:
_bhow much is too much?/
_cRobert D. Crutchfield.
260 _aEvanston:
_bNorthwestern University Press,
_cc2010.
300 _av100 n3, pages 903-932:
_c25 cm.
500 _aThe Journal of Criminal and Criminology.
650 _aRacism.
_944121
650 _aRace discrimination.
_944122
700 _aFernandes, A.
_eAuthor.
_944123
700 _aMartinez, J.
_eAuthor.
_944124
942 _2ddc
_cPER